The Division and segregation of organelles / (Record no. 3445)
[ view plain ]
| 000 -LEADER | |
|---|---|
| fixed length control field | 00677nam a22002172 4500 |
| 001 - CONTROL NUMBER | |
| control field | 0000009316 |
| 005 - DATE AND TIME OF LATEST TRANSACTION | |
| control field | 20151217145849.0 |
| 008 - FIXED-LENGTH DATA ELEMENTS--GENERAL INFORMATION | |
| fixed length control field | 080922s xx 000 0 eng d |
| 020 ## - INTERNATIONAL STANDARD BOOK NUMBER | |
| International Standard Book Number | 0521334365 : |
| Terms of availability | BSP 60 |
| 040 ## - CATALOGING SOURCE | |
| Original cataloging agency | KABU |
| Transcribing agency | KABU |
| 245 14 - TITLE STATEMENT | |
| Title | The Division and segregation of organelles / |
| Statement of responsibility, etc. | edited by Stephen A. Boffey, David Lloyd. |
| 260 ## - PUBLICATION, DISTRIBUTION, ETC. (IMPRINT) | |
| Place of publication, distribution, etc. | Cambridge : |
| Name of publisher, distributor, etc. | C. U. P., |
| Date of publication, distribution, etc. | 1988. |
| 300 ## - PHYSICAL DESCRIPTION | |
| Extent | xiii, 252 p. |
| 650 #0 - SUBJECT ADDED ENTRY--TOPICAL TERM | |
| Topical term or geographic name as entry element | Cell organelles. |
| -- | 0000160529 |
| 650 #0 - SUBJECT ADDED ENTRY--TOPICAL TERM | |
| Topical term or geographic name as entry element | Cell division. |
| -- | 0000160530 |
| 700 1# - ADDED ENTRY--PERSONAL NAME | |
| Personal name | Boffey, Stephen A. |
| -- | 0000160531 |
| 700 1# - ADDED ENTRY--PERSONAL NAME | |
| Personal name | Lloyd, David. |
| -- | 0000038046 |
| 908 ## - PUT COMMAND PARAMETER (RLIN) | |
| Put command parameter | 080922 |
| 950 ## - LOCAL HOLDINGS (RLIN) | |
| -- | 1 |
| Withdrawn status | Lost status | Source of classification or shelving scheme | Not for loan | Home library | Current library | Date acquired | Total Checkouts | Full call number | Barcode | Date last seen | Price effective from | Koha item type |
|---|---|---|---|---|---|---|---|---|---|---|---|---|
| Library of Congress Classification | Kabarak, Main Campus | Kabarak, Main Campus | 17/12/2015 | QH581.2 .D58 c. 1 | 009210 | 17/12/2015 | 17/12/2015 | General Collection |